[Event "Nicolo La Rosa op 15th"]
[Site "Mazara del Vallo"]
[Date "2007.08.12"]
[Round "5"]
[White "Iracani, Michele"]
[Black "La Bella, Roberto"]
[Result "0-1"]
[WhiteElo "1615"]
[BlackElo "2075"]
[PlyCount "36"]
[EventDate "2007.08.10"]
[EventType "swiss"]
[EventRounds "6"]
[EventCountry "ITA"]
[SourceTitle "EXT 2011"]
[Source "ChessBase"]
[SourceDate "2010.11.26"]
[SourceVersion "1"]
[SourceVersionDate "2010.11.26"]
[SourceQuality "1"]

1. e4 e5 2. Bc4 Nf6 3. Nf3 Nc6 4. Ng5 Bc5 5. Nxf7 Bxf2+ 6. Kf1 Qe7 7. Nxh8 d5 8. exd5 Nd4 9. d6 cxd6 10. c3 Bg4 11. Qa4+ Bd7 12. Qd1 0-0-0 13. cxd4 Rf8 14. h3 Ne4 15. Ke2 exd4 16. Kd3 d5 17. b3 dxc4+ 18. bxc4 Nc5+ 0-1

[Event "Nicolo La Rosa op 15th"]
[Site "Mazara del Vallo"]
[Date "2007.08.11"]
[Round "3"]
[White "Iracani, Michele"]
[Black "Marturana, Daniele"]
[Result "1-0"]
[WhiteElo "1615"]
[BlackElo "1491"]
[PlyCount "73"]
[EventDate "2007.08.10"]
[EventType "swiss"]
[EventRounds "6"]
[EventCountry "ITA"]
[SourceTitle "EXT 2011"]
[Source "ChessBase"]
[SourceDate "2010.11.26"]
[SourceVersion "1"]
[SourceVersionDate "2010.11.26"]
[SourceQuality "1"]

1. e4 c5 2. Nf3 Nc6 3. d4 cxd4 4. Nxd4 g6 5. Be3 Bg7 6. Bc4 d6 7. Qd2 Nf6 8. f3 0-0 9. Nc3 Re8 10. 0-0-0 Na5 11. Be2 a6 12. g4 b5 13. Bh6 Bh8 14. Qg5 Nd7 15. b4 Bf6 16. Qe3 Nc4 17. Bxc4 bxc4 18. Nd5 Bb7 19. Nxf6+ Nxf6 20. Nf5 d5 21. h4 Qc7 22. h5 dxe4 23. hxg6 fxg6 24. Ng7 Qe5 25. c3 Red8 26. Bf4 Qb5 27. Ne6 Rd7 28. Rxd7 Qxd7 29. Nc5 Qc6 30. Be5 Rf8 31. Qh6 Kf7 32. Bxf6 Qxf6 33. Qd2 Bc8 34. Rxh7+ Ke8 35. Nxe4 Qxf3 36. Nd6+ exd6 37. Qe1+ 1-0